Mathematical economics

Saved in:
Bibliographic Details
Format: Serial
Language:English
Published: Wroclaw Department of Mathematics of Wroclaw University of Economics 2006
Subjects:
Tags: Add Tag
No Tags, Be the first to tag this record!

MARC

LEADER 00000nas2a2200000$$$4500
001 0109592
005 20130822102533.2
022 |a 1733-9707 
041 0 |a eng 
044 |a PL 
245 1 0 |a Mathematical economics 
264 1 |a Wroclaw  |b Department of Mathematics of Wroclaw University of Economics  |c 2006 
773 0 |w eu_un_cat*0090375 
610 2 0 |a školy vysoké 
610 2 0 |a ekonómia matematická 
610 2 0 |a veda ekonomická